[Event "Kragero op"]
[Site "Kragero"]
[Date "2005.11.18"]
[Round "1"]
[White "Hansen, Kjetil Lund"]
[Black "Hobber, Anders"]
[Result "1-0"]
[WhiteElo "1823"]
[BlackElo "1432"]
[PlyCount "37"]
[EventDate "2005.11.18"]
[EventType "swiss"]
[EventRounds "5"]
[EventCountry "NOR"]
[SourceTitle "CBM 109 Extra"]
[Source "ChessBase"]
[SourceDate "2006.01.03"]
[SourceVersion "2"]
[SourceVersionDate "2006.01.03"]
[SourceQuality "1"]

1. Nf3 c5 2. c4 Nc6 3. Nc3 g6 4. d4 cxd4 5. Nxd4 Bg7 6. Nxc6 bxc6 7. Qc2 Nf6 8. e4 d5 9. cxd5 cxd5 10. exd5 0-0 11. Bc4 Bf5 12. Qe2 Nd7 13. 0-0 Nb6 14. Bb3 Bxc3 15. bxc3 Nxd5 16. Qe5 Nf6 17. Rd1 Nd7 18. Rxd7 Qb8 19. Qxb8 1-0